Normal view
MARC view
Entry Topical Term
001 - CONTROL NUMBER
- control field: 299515
003 - CONTROL NUMBER IDENTIFIER
- control field:
005 - DATE AND TIME OF LATEST TRANSACTION
- control field: 20210602101251.0
008 - FIXED-LENGTH DATA ELEMENTS
- fixed length control field: 210602|| aca||aabn | a|a d
040 ## - CATALOGING SOURCE
- Original cataloging agency:
- Transcribing agency:
150 ## - HEADING--TOPICAL TERM
- Topical term or geographic name entry element: Psychoanalysis and literature
- Geographic subdivision: Ireland
670 ## - SOURCE DATA FOUND
- Source citation: Work cat.: (): Henke, Suzette A. 299514, James Joyce and the politics of desire /, 1990
